<?xml version="1.0" encoding="UTF-8"?>
<record
    xmlns:xsi="http://www.w3.org/2001/XMLSchema-instance"
    xsi:schemaLocation="http://www.loc.gov/MARC21/slim http://www.loc.gov/standards/marcxml/schema/MARC21slim.xsd"
    xmlns="http://www.loc.gov/MARC21/slim">

  <leader>00404nam a22001577a 4500</leader>
  <controlfield tag="003">OSt</controlfield>
  <controlfield tag="005">20260428103628.0</controlfield>
  <controlfield tag="008">260428b        |||||||| |||| 00| 0 eng d</controlfield>
  <datafield tag="020" ind1=" " ind2=" ">
    <subfield code="a">978-93-49192-000</subfield>
  </datafield>
  <datafield tag="040" ind1=" " ind2=" ">
    <subfield code="c">IIMT UNIVERSITY</subfield>
  </datafield>
  <datafield tag="100" ind1=" " ind2=" ">
    <subfield code="a">VIDHYALANKAR, YATINDRA KATIYAR</subfield>
  </datafield>
  <datafield tag="245" ind1=" " ind2=" ">
    <subfield code="a">HASTINAPUR KAL AAJ UAR KAL</subfield>
  </datafield>
  <datafield tag="260" ind1=" " ind2=" ">
    <subfield code="a">GHAZIABAD</subfield>
    <subfield code="b">DEVPRABHA PRAKASHAN</subfield>
    <subfield code="c">2026</subfield>
  </datafield>
  <datafield tag="300" ind1=" " ind2=" ">
    <subfield code="a">83</subfield>
  </datafield>
  <datafield tag="942" ind1=" " ind2=" ">
    <subfield code="2">ddc</subfield>
    <subfield code="c">01</subfield>
  </datafield>
  <datafield tag="999" ind1=" " ind2=" ">
    <subfield code="c">68003</subfield>
    <subfield code="d">68003</subfield>
  </datafield>
  <datafield tag="952" ind1=" " ind2=" ">
    <subfield code="0">0</subfield>
    <subfield code="1">0</subfield>
    <subfield code="2">ddc</subfield>
    <subfield code="4">0</subfield>
    <subfield code="7">0</subfield>
    <subfield code="a">01</subfield>
    <subfield code="b">01</subfield>
    <subfield code="d">2026-04-28</subfield>
    <subfield code="e">CHAIRMEN SIR</subfield>
    <subfield code="g">200.00</subfield>
    <subfield code="i">DONATED</subfield>
    <subfield code="o">954.22 VID</subfield>
    <subfield code="p">28-S-4995</subfield>
    <subfield code="r">2026-04-28</subfield>
    <subfield code="u">Historical-Mythological Essay</subfield>
    <subfield code="w">2026-04-28</subfield>
    <subfield code="y">01</subfield>
  </datafield>
</record>
